书目信息 |
| 题名: |
生物地理学
|
|
| 作者: | 殷秀琴 主编 | |
| 分册: | ||
| 出版信息: | 北京 高等教育出版社 2014.09 |
|
| 页数: | 534页 | |
| 开本: | 23cm | |
| 丛书名: | ||
| 单 册: | ||
| 中图分类: | Q15 | |
| 科图分类: | ||
| 主题词: | 生物地理学--sheng wu di li xue--高等学校--教材 | |
| 电子资源: | ||
| ISBN: | 978-7-04-039709-3 | |
| 000 | 00830nam0 2200253 450 | |
| 001 | 0106081825 | |
| 005 | 20201109085400.73 | |
| 010 | @a978-7-04-039709-3@dCNY56.00 | |
| 100 | @a20141124e20192014em y0chiy50 ea | |
| 101 | 0 | @achi |
| 102 | @aCN@b110000 | |
| 105 | @aa z 000yy | |
| 106 | @ar | |
| 200 | 1 | @a生物地理学@Asheng wu di li xue@f殷秀琴主编 |
| 205 | @a2版 | |
| 210 | @a北京@c高等教育出版社@d2014.09@h2019.03 | |
| 215 | @a534页@c图@d23cm | |
| 300 | @a高等学校教材 | |
| 330 | @a本书共分七章,主要内容包括生物群落的构成与基本特征、陆地生物群和水域生物群的特征与分布、岛屿生物的分布、生物分布区与生物区系、人与生物共生等。 | |
| 606 | 0 | @a生物地理学@Asheng wu di li xue@x高等学校@j教材 |
| 690 | @aQ15@v5 | |
| 701 | 0 | @a殷秀琴@Ayin xiu qin@4主编 |
| 801 | 0 | @aCN@bBJSZM@c20201106 |
| 905 | @b1192376-9@dQ15@e286=2@f4 | |
| 生物地理学/殷秀琴主编.-2版.-北京:高等教育出版社,2014.09(2019.03) |
| 534页:图;23cm |
| 高等学校教材 |
| ISBN 978-7-04-039709-3:CNY56.00 |
| 本书共分七章,主要内容包括生物群落的构成与基本特征、陆地生物群和水域生物群的特征与分布、岛屿生物的分布、生物分布区与生物区系、人与生物共生等。 |
| ● |
| 相关链接 |
|
|
|
|
正题名:生物地理学
索取号:Q15/286=2
 
预约/预借
| 序号 | 登录号 | 条形码 | 馆藏地/架位号 | 状态 | 备注 |
| 1 | 1192376 | 211923766 | 第二样本阅览室/ [索取号:Q15/286=2] | 在馆 | |
| 2 | 1192377 | 211923775 | 第三借阅区/ [索取号:Q15/286=2] | 在馆 | |
| 3 | 1192378 | 211923784 | 第三借阅区/ [索取号:Q15/286=2] | 在馆 | |
| 4 | 1192379 | 211923793 | 第三借阅区/ [索取号:Q15/286=2] | 在馆 |